| 000 | 00513nam a2200181 a 4500 | ||
|---|---|---|---|
| 001 | 1203 | ||
| 003 | CDMR | ||
| 005 | 20130807101823.0 | ||
| 008 | 130130s1994||||||||||||||||||||||||||||d | ||
| 020 | _a8429737561 | ||
| 040 |
_aCDMR _bcat _cCPC LLEIDA |
||
| 100 | 1 |
_aLamuela, Xavier _9945 |
|
| 245 | 1 | 0 |
_aEstandarització i establiment de les llengües _cXavier Lamuela |
| 260 |
_aBarcelona _c1994 _bEdicions 62 |
||
| 490 | 0 |
_aLlibres a l'abast _v277 |
|
| 586 | _aPremi d'assaig Josep Vallverdú 1993 | ||
| 942 |
_cMON _2udc |
||
| 999 |
_c1203 _d1203 |
||